An Introduction To Property Valuation

Bibliographic Details
Main Author: Millington, A.F
Format: Book
Published: London : The Estates Gazettes , 1994
Edition:4th ed.

MARC

LEADER 00000cam a2200000 7i4500
001 0000005401
005 20000125.0
020 |a 0728201984 
040 |a INS 
090 0 0 |a 333.332   |b MIL 
100 1 |a Millington, A.F. 
245 1 3 |a An Introduction To Property Valuation   |c by A.F. Millington 
250 |a 4th ed. 
260 |a London :   |b The Estates Gazettes ,   |c 1994 
300 |a 247pgs. 
999 |a 0000007277   |b BOOK   |c Open Shelf   |e Default branch